Ghosts of home : the afterlife of Czernowitz in Jewish memory

Αποθηκεύτηκε σε:
Λεπτομέρειες βιβλιογραφικής εγγραφής
Κύριος συγγραφέας: Hirsch, Marianne
Άλλοι συγγραφείς: Spitzer, Leo, 1939-
Μορφή: Βιβλίο
Γλώσσα:English
Δημοσίευση: Berkeley, Los Angeles : University of California Press, 2010.
Θέματα:
Ετικέτες: Προσθήκη ετικέτας
Δεν υπάρχουν, Καταχωρήστε ετικέτα πρώτοι!

MARC

LEADER 00000cam a2200000 a 4500
001 1/106701
008 150603s2010####cau| ||| |||| ||eng||
020 |a 9780520271258  
040 |a GR-MyUa  |b gre  |c GR-MyUa  |e AACR2 
041 0 |a eng 
082 7 |a 947.76   |2 (23) 
100 1 |a Hirsch, Marianne. 
245 1 0 |a Ghosts of home :   |b the afterlife of Czernowitz in Jewish memory /   |c Marianne Hirsch and Leo Spitzer.  
260 |a Berkeley, Los Angeles :   |b University of California Press,   |c 2010.  
300 |a xxiv, 362 σ.   |c 24 εκ.  
504 |a Περιλαμβάνει βιβλιογραφία (σ. 343-351) και ευρετήριο.  
650 0 |a Jews  |x History  |z Ukraine. 
651 0 |a Chernivtsi (Ukraine)   |x Ethnic relations. 
700 1 |a Spitzer, Leo,   |d 1939- 
852 |a INST  |b LESVOS  |e 20150603  |h 947.76 HIR  |p 005100056873  |q 005100056873  |t BK  |y 0 
970 |a Τζαφέρη  |b Ευαγγελία  |z 02-06-2015